003850000a220010900045001000039000007000026000392450126000650440013001910410014002046530022002187730035002401 aNúñez Avellaneda, Luis Alberto1 aRojas Robles, Rosario10aBiología reproductiva y ecología de la polinización de la palma milpesos Oenocarpus bataua en los Andes colombianos aColombia0 aEspañol eOenocarpus bataua1 tCaldasiah1q101-125d2008g30